000 00586nam a2200217Ia 4500
003 OSt
005 20220927114239.0
006 a|||||r|||| 00| 0
007 ta
008 220926b |||||||| |||| 00| 0 eng d
024 _a149724
037 _cTextbook
040 _aRTL
_cRTL
_beng
041 _2eng
_aeng
082 _a"X, TD"
100 _aMOSCHARDI Edgardo
_9387843
245 0 _aAttitude towards risk among peasants
_b An econometric approach
700 _a JANVRY Ade
_9387844
942 _h"X, TD"
_cCC
999 _c703700
_d703700